000 01007cam a2200229 a 4500
001 000007489
005 20200929154204.0
008 880302s1941 mx 000 0 spa
040 _aDO-SdBNP
_cCLU
_dDLC
082 _a901
_bK167f
100 1 _aKant
_q(Immanuel Kant),
_d1724-1804.
_920803
245 1 0 _aFilosofía de la historia /
_cKant ; prólogo Eugenio Imaz.
260 _aMéxico :
_bEl Colegio de México,
_c1941.
300 _a147 p. ;
_c18 cm.
490 1 _aTextos clásicos de filosofía,
_v1
505 0 _aPrólogo del traductor -- Qué es la ilustracion? -- Idea de una historia universal en sentido cosmopolita.--Comienzo presunto de la historia humana -- Si el género humano se halla en progreso constante hacia mejor -- El fin de todas las cosas -- Nota del traductor.
650 4 _aFilosofía de la historia
_94944
700 1 _aImaz, Eugenio,
_d1900-1951.
_epról.
_920804
830 0 _aTextos clásicos de filosofía,
_v1
_920805
910 _aCatalogación por copia / LC
049 _aBNGR
999 _c7270
_d7270